MARC

LEADER 00000nam0a2200000 4500
001 103490
005 20231031113652.0
020 |a RU  |b 91-16907 
035 |a (RuTPU)RU\TPU\book\111581 
090 |a 103490 
100 |a 20061018d1991 km y0rusy5003 ca 
101 1 |a rus  |c eng 
102 |a RU 
105 |a y z 001zy 
200 1 |a Полимерные реагенты и катализаторы  |f [В. Т. Форд, Д. Е. Бергбрайтер, Ф. Дж. Уоллер и др.]  |g Под ред. Уоррена Т. Форда; Пер. с англ. В. Л. Рубайло; Под ред. Г. Е. Заикова 
210 |a Москва  |c Химия  |d 1991 
215 |a 249,[1] с. 
300 |a Авт. указаны в начале глав 
320 |a Библиогр.: с. 232-250. 
610 1 |a катализаторы полимерные 
610 1 |a реактивы полимерные 
610 1 |a полимерные реагенты 
610 1 |a химия 
610 1 |a ионообменные смолы 
610 1 |a катализ 
610 1 |a окислители 
610 1 |a приготовление 
610 1 |a пептиды 
610 1 |a синтез 
675 |a 544.473  |z rus 
702 1 |a Форд  |b Уоррен Т.  |4 070 
702 1 |a Бергбрайтер  |b Д. Е.  |4 070 
702 1 |a Уоллер  |b Ф. Д.  |4 070 
702 1 |a Заиков  |b Г. Е.  |4 340 
702 1 |a Рубайло  |b В. Л.  |4 730 
801 0 |a RU  |b RuMRKP  |c 19950417  |g psbo 
801 1 |a RU  |b 63413507  |c 20061018  |g PSBO 
801 2 |a RU  |b 63413507  |c 20130807  |g PSBO 
942 |c BK